[Event "EU-ch Amateur Online 1700/2000"]
[Site "Tornelo INT"]
[Date "2021.04.24"]
[Round "6"]
[White "Tulliez, Andre"]
[Black "Chatziioannidi, Filippa"]
[Result "1-0"]
[WhiteElo "1786"]
[BlackElo "1597"]
[PlyCount "77"]
[EventDate "2021.04.24"]
[EventType "swiss (rapid)"]
[EventRounds "8"]
[EventCountry "NET"]
[SourceTitle "EXT 2023"]
[Source "ChessBase"]
[SourceDate "2022.10.05"]
[SourceVersion "1"]
[SourceVersionDate "2022.10.05"]
[SourceQuality "1"]

1. e4 c5 2. Nf3 d6 3. d4 cxd4 4. Nxd4 Nf6 5. Nc3 a6 6. Bg5 e6 7. f4 Nbd7 8. Qf3 Be7 9. 0-0-0 h6 10. Bh4 Qc7 11. g4 g5 12. fxg5 hxg5 13. Bxg5 Ne5 14. Qg3 Nfxg4 15. Bxe7 Qxe7 16. Kb1 Qh4 17. Qxh4 Rxh4 18. Rd2 Bd7 19. h3 Nf6 20. Bg2 Ke7 21. Rf1 Rg8 22. Rdf2 Nh5 23. Nf3 Nxf3 24. Bxf3 Ng3 25. Rg1 Rxh3 26. Rfg2 Rg6 27. Kc1 Kf6 28. e5+ dxe5 29. Bxb7 a5 30. Rxg3 Rhxg3 31. Rxg3 Rh6 32. Kd2 Kf5 33. Rf3+ Kg6 34. Rg3+ Kf5 35. Rg2 f6 36. Ke3 Rh3+ 37. Ke2 Kf4 38. Kf2 f5 39. Ne2# 1-0

[Event "FRA-ch Blitz Online Qual"]
[Site "Europe Echecs INT"]
[Date "2020.05.16"]
[Round "14"]
[White "Tulliez, Andre"]
[Black "Gerandi, Guillaume"]
[Result "0-1"]
[WhiteElo "1777"]
[BlackElo "1876"]
[PlyCount "96"]
[EventDate "2020.05.16"]
[EventType "swiss (blitz)"]
[EventRounds "15"]
[EventCountry "FRA"]
[SourceTitle "CBM 196 Extra"]
[Source "ChessBase"]
[SourceDate "2020.07.31"]
[SourceVersion "1"]
[SourceVersionDate "2020.07.31"]
[SourceQuality "1"]

1. e4 c5 2. Nf3 Nc6 3. d4 cxd4 4. Nxd4 g6 5. c4 Nf6 6. Be3 Nxe4 7. Bd3 Nf6 8. 0-0 Bg7 9. Nc3 0-0 10. Nde2 d6 11. a3 Ne5 12. f4 Nxd3 13. Qxd3 Be6 14. h3 Rc8 15. b3 Bf5 16. Qd2 a6 17. Nd4 Bd7 18. f5 Bc6 19. Bh6 Qb6 20. Kh1 Bxh6 21. Qxh6 Qxd4 22. fxg6 fxg6 23. Ne2 Qe4 24. Nf4 e5 25. Rae1 Qc2 26. Re2 Qf5 27. Ref2 exf4 28. Rxf4 Qc2 29. R4f2 Qxb3 30. Rxf6 Rxf6 31. Rxf6 Qc2 32. Qg5 Re8 33. Rxd6 Qe4 34. Rd1 Qxc4 35. h4 Qe4 36. h5 b5 37. h6 Qf5 38. Qg3 Qh5+ 39. Kg1 Qxd1+ 40. Kh2 Qh5+ 41. Kg1 Rd8 42. Qb3+ Qd5 43. Qg3 Qd4+ 44. Kh2 Qd5 45. Qc3 Qh5+ 46. Kg1 Rd1+ 47. Kf2 Qf5+ 48. Kg3 Rd3+ 0-1

[Event "FRA-ch Blitz Online Qual"]
[Site "Europe Echecs INT"]
[Date "2020.05.16"]
[Round "5"]
[White "Tulliez, Andre"]
[Black "Lardon, Quentin"]
[Result "0-1"]
[WhiteElo "1777"]
[BlackElo "2013"]
[PlyCount "94"]
[EventDate "2020.05.16"]
[EventType "swiss (blitz)"]
[EventRounds "15"]
[EventCountry "FRA"]
[SourceTitle "CBM 196 Extra"]
[Source "ChessBase"]
[SourceDate "2020.07.31"]
[SourceVersion "1"]
[SourceVersionDate "2020.07.31"]
[SourceQuality "1"]

1. e4 c5 2. Nf3 Nc6 3. d4 cxd4 4. Nxd4 g6 5. c4 Bg7 6. Be3 d6 7. Nc3 Bd7 8. Be2 Nf6 9. 0-0 a6 10. f3 0-0 11. Qd2 Rc8 12. Rfd1 Ne5 13. b3 Nc6 14. Rac1 Nxd4 15. Bxd4 Bc6 16. Be3 Qd7 17. Nd5 Bxd5 18. cxd5 Rxc1 19. Rxc1 Rc8 20. b4 Ne8 21. Kf2 Nc7 22. Bb6 Na8 23. Be3 Nc7 24. Qc2 e6 25. Bb6 Bh6 26. Be3 Bxe3+ 27. Kxe3 Nxd5+ 28. exd5 Rxc2 29. Rxc2 exd5 30. Rd2 Qe6+ 31. Kf2 Qe5 32. a4 d4 33. b5 Qe3+ 34. Ke1 axb5 35. axb5 Kg7 36. Rd3 Qe5 37. Kf2 Qxh2 38. Rxd4 Qe5 39. Re4 Qc5+ 40. Kg3 d5 41. Rg4 d4 42. Rh4 Qe5+ 43. Kf2 Qe3+ 44. Kf1 d3 45. Bd1 Qc1 46. Ke1 Qc3+ 47. Kf2 Qd2+ 0-1

[Event "Helsingor Xtracon op"]
[Site "Helsingor"]
[Date "2018.07.28"]
[Round "9"]
[White "Tulliez, Andre"]
[Black "Skaale, Janus"]
[Result "1/2-1/2"]
[WhiteElo "1678"]
[BlackElo "1867"]
[PlyCount "73"]
[EventDate "2018.07.21"]
[EventType "swiss"]
[EventRounds "10"]
[EventCountry "DEN"]
[SourceTitle "CBM 185 Extra"]
[Source "ChessBase"]
[SourceDate "2018.07.29"]
[SourceVersion "1"]
[SourceVersionDate "2018.07.29"]
[SourceQuality "1"]

1. e4 c5 2. Nf3 d6 3. d4 cxd4 4. Nxd4 Nf6 5. Nc3 g6 6. Be3 Bg7 7. f3 Nc6 8. Qd2 0-0 9. g4 a6 10. 0-0-0 Bd7 11. Kb1 b5 12. h4 h5 13. g5 Ne8 14. Bh3 Nxd4 15. Bxd4 Bxh3 16. Rxh3 Nc7 17. f4 Qc8 18. Rg3 Ne6 19. Bxg7 Nxg7 20. Nd5 Qb7 21. Rc3 Rac8 22. Rf1 Kh8 23. f5 Rxc3 24. Nxc3 b4 25. Nd5 gxf5 26. exf5 Qb5 27. Ne3 f6 28. g6 Ne8 29. Nc4 Kg7 30. Re1 Qxc4 31. Rxe7+ Kg8 32. Qe1 Nc7 33. b3 Qc5 34. Rg7+ Kh8 35. Rh7+ Kg8 36. Rg7+ Kh8 37. Rh7+ 1/2-1/2

[Event "Helsingor Xtracon op"]
[Site "Helsingor"]
[Date "2018.07.23"]
[Round "4"]
[White "Moller, Arne Vagn"]
[Black "Tulliez, Andre"]
[Result "1/2-1/2"]
[WhiteElo "1890"]
[BlackElo "1678"]
[PlyCount "43"]
[EventDate "2018.07.21"]
[EventType "swiss"]
[EventRounds "10"]
[EventCountry "DEN"]
[SourceTitle "CBM 185 Extra"]
[Source "ChessBase"]
[SourceDate "2018.07.29"]
[SourceVersion "1"]
[SourceVersionDate "2018.07.29"]
[SourceQuality "1"]

1. e4 c5 2. b3 d6 3. Bb2 e6 4. Nf3 Nf6 5. d3 Be7 6. Be2 Nc6 7. 0-0 0-0 8. c3 Qc7 9. Nbd2 d5 10. Re1 Rd8 11. Qc2 a6 12. a3 b5 13. Bf1 dxe4 14. Nxe4 Nxe4 15. dxe4 Bb7 16. c4 b4 17. a4 Rd7 18. Rad1 Rad8 19. g3 Rxd1 20. Rxd1 Rxd1 21. Qxd1 Qd6 22. Qxd6 1/2-1/2

[Event "Helsingor Xtracon op"]
[Site "Helsingor"]
[Date "2018.07.22"]
[Round "3"]
[White "Tulliez, Andre"]
[Black "O'Gorman, Alice"]
[Result "1/2-1/2"]
[WhiteElo "1678"]
[BlackElo "1898"]
[PlyCount "102"]
[EventDate "2018.07.21"]
[EventType "swiss"]
[EventRounds "10"]
[EventCountry "DEN"]
[SourceTitle "CBM 185 Extra"]
[Source "ChessBase"]
[SourceDate "2018.07.29"]
[SourceVersion "1"]
[SourceVersionDate "2018.07.29"]
[SourceQuality "1"]

1. e4 d5 2. exd5 Nf6 3. Bb5+ Nbd7 4. Nc3 a6 5. Ba4 b5 6. Bb3 Nb6 7. h3 Bb7 8. Nf3 Nfxd5 9. Nxd5 Nxd5 10. 0-0 e6 11. d3 Be7 12. Re1 0-0 13. a4 c5 14. Qe2 Qc7 15. Bg5 Bxg5 16. Nxg5 c4 17. dxc4 Nf4 18. Qe5 Qxe5 19. Rxe5 f6 20. Nxe6 fxe5 21. Nxf8 Kxf8 22. axb5 axb5 23. Rxa8+ Bxa8 24. cxb5 Ke7 25. Bg8 Be4 26. c3 Kd6 27. f3 Bd3 28. Kf2 h6 29. c4 Bf5 30. g4 Bd7 31. Ke3 Kc5 32. Ke4 Nxh3 33. Kxe5 Nf2 34. b4+ Kb6 35. Kd6 Bc8 36. Be6 Bxe6 37. Kxe6 Nd3 38. Kf5 Ne1 39. Ke4 Nc2 40. Kf5 Nd4+ 41. Ke4 Nb3 42. Kd5 Nd2 43. f4 Nf1 44. Kd6 Ne3 45. c5+ Kxb5 46. c6 Nc4+ 47. Kd7 Nb6+ 48. Ke6 Kxc6 49. Kf7 Nd5 50. Kxg7 Nxf4 51. Kxh6 Kb5 1/2-1/2